| 000 | 007650000a22002170004500 | ||
|---|---|---|---|
| 020 | _a0-7899-0932-4 | ||
| 041 | 0 | _aSPA | |
| 082 | 0 | 4 | _aG 158.2 P263c |
| 100 | 1 | _aParrott, Les | |
| 245 | 1 | 0 | _aEl controlador : Cómo lidiar con los que le rodean. Cómo domar al que lleva dentro / Les Parrott III ; Hector M. Pina, Traductor |
| 260 | _aMiami, FL., USA : Unilit | ||
| 300 | _a208 Pag. | ||
| 500 | _aTítulo original : The control freak | ||
| 505 | 0 | 0 | _a¿Quién está en control? -- cómo domar al ente controlador que lo rodea -- controle el ente controlador que lleva dentro |
| 650 | 1 | 4 | _aCONTROL (PSICOLOGIA) |
| 001 | 922 | ||
| 942 | _cBK | ||
| 999 |
_c32324 _d32324 |
||
| 336 |
_atexto _btxt _2rdacontent |
||
| 337 |
_2rdamedia _asin mediación _bn |
||
| 338 |
_2rdacarrier _avolumen _bnc |
||